Normal view MARC view
  • Maíllo, Adolfo,

Entry Nombre Personal

Number of records used in: 8

001 - NUMERO DE CONTROL

  • campo de control: 30404

003 - IDENTIFICADOR DE NUMERO DE CONTROL

  • campo de control: DLC

005 - FECHA Y HORA DE LA ÜLTIMA TRANSACCIÓN

  • campo de control: 20240212125314.0

008 - DATOS DE LONGITUD FIJA

  • campo de control de longitud fija: 080117n| azannaabn |a aaa c

010 ## - NÚMERO DE CONTROL DE LA BIBLIOTECA DEL CONGRESO

  • Número de control LC: no2008010328
  • Número de Control LC Cancelado/inválido: n 86136595

035 ## - NUMERO DE CONTROL

  • Número de control: (OCoLC)oca07635568

040 ## - FUENTE DE CATALOGACIÓN

  • Agencia original de catalogación: CoU
  • Lenguaje de catalogación: spa
  • Description conventions: rda
  • Agencia de transcripción: CoU
  • Agencia que lo modifica: DLC
  • Agencia que lo modifica: MX-MxUPN

046 ## - FECHAS CON CODIFICACIÓN ESPECIAL

  • Fecha de nacimiento: 1901
  • Fecha de muerte: 1995
  • Fuente del formato de fecha: edtf

100 1# - ENCABEZAMIENTO - NOMBRE PERSONAL

  • Nombre personal: Maíllo, Adolfo,
  • Fechas asociadas con el nombre: 1901-1995

370 ## - LUGAR ASOCIADO

  • Place of birth: Malpartida de Plasencia (España)
  • Place of death: Madrid (España)
  • Associated country: España

374 ## - OCUPACIÓN

  • Occupation: Profesor universitario

400 1# - VEÁSE - NOMBRE DE PERSONA

  • Personal name: Maíllo García, Adolfo,
  • Dates associated with a name: 1901-1995

400 1# - VEÁSE - NOMBRE DE PERSONA

  • Personal name: Maíllo García, A.
  • Fuller form of name: (Adolfo),
  • Dates associated with a name: 1901-1995

670 ## - FUENTE EN LA QUE SE LOCALIZARON DATOS

  • Cita de la fuente: Didáctica de la lengua en la e.g.b., 1971:
  • Información localizada: portada (A. Maíllo García) solapa (b. 1901 in Malpartida de Plasencia)

670 ## - FUENTE EN LA QUE SE LOCALIZARON DATOS

  • Cita de la fuente: OCLC, Jan. 17, 2008
  • Información localizada: (hdg.: Maíllo García, Adolfo, 1901- ; Maillo, Adolfo; usage: Adolfo Maillo)

670 ## - FUENTE EN LA QUE SE LOCALIZARON DATOS

  • Cita de la fuente: Notas para la historia social de Estremadura en el siglo XVIII, 1983:
  • Información localizada: portada (Adolfo Maillo)

670 ## - FUENTE EN LA QUE SE LOCALIZARON DATOS

  • Cita de la fuente: WBIS, July 2, 2009
  • Información localizada: (Maillo García, Adolfo; b. 1901; pedagogo; publicista; funcionario de la administración)

670 ## - FUENTE EN LA QUE SE LOCALIZARON DATOS

  • Cita de la fuente: Wikipedia, July 2, 2009
  • Información localizada: (Adolfo Maíllo García; b. 1901, Malpartida de Plasencia, Spain; d. 1995, Madrid, Spain; works: Didáctica de la Lengua ... Notas para la historia social de Extremadura en el siglo XVIII)

670 ## - FUENTE EN LA QUE SE LOCALIZARON DATOS

  • Cita de la fuente: BNE Web OPAC, July 2, 2009
  • Información localizada: (Maíllo, Adolfo)

670 ## - FUENTE EN LA QUE SE LOCALIZARON DATOS

  • Cita de la fuente: Acción social de la escuela, 1964:
  • Información localizada: portada (Adolfo Maíllo)

902 ## - CATALOGADOR

  • Catalogador: Víctor Ruiz/120224